000 01676cam a22003974i 4500
003 PE-LiUPU
005 20250731183415.0
008 150623s r 000 0 d
020 _a0517568098
035 _a(Sirsi) i9780517568095
040 _aPE-LiUPU
_bspa
_cPE-LiUPU
_erda
049 _aPRUA
082 0 4 _a796.51
_bJ72
_221
100 1 _aJonas, Steven,
_eautor.
245 1 0 _aPaceWalking :
_bthe balanced way to aerobic health /
_cSteven Jonas.
264 1 _aNew York :
_bCrown Publishers,
_c1988.
300 _a215 páginas :
_bil., , gráficos tablas ;
_c22 centímetros
336 _atext
_2rdacontent
337 _aunmediated
_2rdamedia
338 _avolume
_2rdacarrier
504 _aincluye Bibliografía.
505 0 _aAn introduction. Pace walking-the roots of success. How to pace walk. The pacewalking program. Pacewalking and growing older. Pacewalking and pregnancy. Racing for the pacewalker. Pacewalking-the foundation aerobic sport for pace training. Exercise and health. Nutrition and weight control for the pacewalker. Conclusion.
526 _aP158
526 _aP146
526 _aP17
526 _aP12
526 _aP06
650 0 4 _aAptitud física.
_92147
650 0 4 _aCaminata.
942 _2ddc
_cBOOK
949 _a796.51 J72
_wDEWEY
_c1
_i51292
_lCCODEBUL1
_mBUL
_p15.00
_r0
_sY
_tBOOK
_u2015-6-24
_xTEOLOGIA
_PP35
_0COMPRA
_o.STAFF. Colección General
994 _aC0
_bPEPRU
596 _a1
999 _a796.51 J72
_wDEWEY
_c33004
_i51292
_f2021-11-9
_g5
_lCCODEBUL1
_mBUL
_p15.00
_r0
_sY
_tBOOK
_u2015-6-24
_xEDUCACION
_PP35
_0COMPRA
_o.STAFF. Colección General
_d33004
980 _81
_gALBERTO SANCHEZ Responsable de Automatización